| 000 | 00407nam a22001697a 4500 | ||
|---|---|---|---|
| 003 | NUST | ||
| 005 | 20210506124603.0 | ||
| 008 | 140109t xxu||||| |||| 00| 0 eng d | ||
| 038 | _aMS | ||
| 082 |
_a909.04297 _bABD |
||
| 100 |
_a Allama Abdul Rehman Ibn e Khaldoon _955144 |
||
| 245 | _aTareekh Ibn Khaldoon | ||
| 260 |
_aSCEE _bNUST |
||
| 300 | _a400 | ||
| 563 | _aTareekh Ibn Khaldun | ||
| 942 |
_2ddc _cBK |
||
| 999 |
_c17711 _d17711 |
||